000 00593cam a22002053a 4500
001 18892
003 PGUSA
005 20140828083412.0
008 130313s2013||||xxu|||||s|||||000 | eng d
040 _aPGUSA
_beng
042 _adc
100 1 _aGardener, Helen H.
_q(Helen Hamilton),
_d1853-1925
245 1 2 _aA Thoughtless Yes
_h[electronic resource] /
_cHelen H. Gardener
260 _bProject Gutenberg,
_c2013
506 _aPublic domain in the USA.
516 _aElectronic text
830 0 _aProject Gutenberg
_v18892
856 4 0 _uhttp://www.gutenberg.org/ebooks/18892
942 _cEB
999 _c248147
_d248147